000 00648nam a22001937a 4500
005 20240215112610.0
010 _aENG-139280
020 _a9789350861998
_c2500.00
035 _aEN-122812
037 _bDBAD/PUB
082 _a954
245 _aCustodians Of The Past/
_cGautam Sengupta and Abha Narain Lambah:
_b150 Years of the Archaeological Survey of India
260 _aNew Delhi
_bThe Director General Archaeological Survey of India
_c2012
270 _aJanpath
_bNew Delhi
_e110011
300 _a220 p.
_c24cm(hbk)
700 _aSengupta Gautam
_962095
700 _aLambah Narain
_962096
942 _2ddc
_cEN
_h954
_mCUS
999 _c200753
_d200753